000 00837 a2200217 4500
001 63083
005 20260407155926.0
008 260407a1996 arg spa d
003 AR-UNSa-BCEJYS
040 _aAR-UNSa-BCEJYS
_bspa
_cAR-UNSa-BCEJYS
080 _a37.014
_xPolítica educativa. Educación y vida pública (Intercambio de profesores y alumnos )
245 1 0 _aLas secretas aventuras del orden
_pEstado y educación
020 _a978-950-9467-72-9
264 1 _aBuenos Aires :
_bMiño y Dávila
_c1996
300 _a207 p.
_c19 cm.
505 _a1. Estado, educación y neoliberalismo en América Latina – 2. Volviendo al estado y la educación – 3. Estado, privatización y política educativa –
041 _aspa
942 _cBK
590 _aniveau_biblio:m niveau_hierar:0
100 1 _aTorres, Carlos Alberto
999 _c7983
_d7983